000
00222nam a2200097Ia 4500
005
20251222114414.0
008
251222s1900||||xx |||||||||||||| ||spa||
082
_a
DVD0070/E92/2010
245
4
_a
The Way:El Camino
942
_c
DVD
999
_c
2158
_d
2158